00787nac a22002171u 4500010001500000020002200015082001400037090001500051100003400066245008200100250001200182260005100194300003600245504006700281650002400348650002900372700002000401942001600421999001500437952011700452 a2004109428 a0618502092 (pbk.)00a302bR322 c1160d1160 aReece, Barry L. 10aHuman relations :bprinciples and practices /cBarry L. Reece, Rhonda Brandt. a6th ed. aBoston, MA :bHoughton Mifflin Co.,2006c2006. axxiii, 277 p. :bill. ;c26 cm. aIncludes bibliographical references (p. 251-261) and indexes. 0aCareer development. 0aInterpersonal relations.1 aBrandt, Rhonda. cBBk302R322 c1160d1160 00104070aMAINbMAINc1STd2006-08-24ePurchasel5m1o302 REEp000003334r2025-07-15 00:00:00s2017-03-22yBB